Vplyv energetiky na životné prostredie
Snahy Európskej únie o jednotnú energetickú politiku. Spotreba energie a energetická efektívnosť v SR. Energetická náročnosť. Emisie skleníkových plynov. Cieľ klimaticko-energetického balíčka EÚ. Vývoj environmentálnej efektivity vzhľadom na emisie skleníkových plynov z energetiky (Index 2000=100).
Saved in:
| Main Author: | |
|---|---|
| Other Authors: | |
| Format: | Book Chapter |
| Language: | Slovak |
| Subjects: | |
| Tags: |
No Tags, Be the first to tag this record!
|
MARC
| LEADER | 00000nla a2200000 4500 | ||
|---|---|---|---|
| 001 | 0183812 | ||
| 005 | 20240521103233.2 | ||
| 041 | 0 | |a slo | |
| 044 | |a SK | ||
| 245 | 1 | 0 | |a Vplyv energetiky na životné prostredie |c Anton Čiernik, Alena Bašová |
| 520 | |a Snahy Európskej únie o jednotnú energetickú politiku. Spotreba energie a energetická efektívnosť v SR. Energetická náročnosť. Emisie skleníkových plynov. Cieľ klimaticko-energetického balíčka EÚ. Vývoj environmentálnej efektivity vzhľadom na emisie skleníkových plynov z energetiky (Index 2000=100). | ||
| 610 | 2 | 0 | |a energetika |
| 610 | 2 | 0 | |a zdroje energetické |
| 610 | 2 | 0 | |a politika energetická |
| 610 | 2 | 0 | |a ropa |
| 610 | 2 | 0 | |a plyn zemný |
| 610 | 2 | 0 | |a uhlie |
| 610 | 2 | 0 | |a zdroje energie obnoviteľné |
| 610 | 2 | 0 | |a emisie |
| 610 | 2 | 0 | |a prostredie životné |
| 610 | 2 | 0 | |a Slovensko |
| 610 | 2 | 0 | |a Európska únia |
| 100 | 1 | |a Čiernik, Anton | |
| 700 | 1 | |a Bašová, Alena, 1961- | |